DOORS entities - Statistics

General Stats
  • This quiz has been taken 49 times
    36 since last reset
  • The average score is 23 of 37
Answer Stats
Hint Extra Hint Answer % Correct
Psst Look at it Screech
91%
Cluster of ____ Has a candy effect called Eye Spy Eyes
86%
You can talk to him He likes gold El Goblino
82%
Owns a shop Works with 2 other entities Jeff
77%
Spider 1/200 chance in drawers Timothy
77%
Rebounds Works well with Hide Ambush
73%
Stop Right there modifier Spawns with A-60 and A-120 A-90
68%
Yellow light Curious Curious Light
68%
Has 2 modifiers Guess the correct door Dupe
68%
Jumps on your face Takes 31 health Giggle
68%
Sally's grandpa Makes a lotus Grampy
68%
Door 150 One is a queen Grumble
68%
Helps you out And helps locate keys, fuses, etc. Guiding Light
68%
Look Man Lookman
68%
Chases you Very aggressive in the Mines Seek
68%
Don't step on it Has 3 related modifiers Snare
68%
Smiley face Looks like A-200 from the Rooms A-120
64%
Don't step on the grass Please, don't Groundskeeper
64%
Has 2 modifiers GET OUT Hide
64%
Pink and green Rush Acts like Ambush Blitz
59%
Will give you a heart attack Let Groundskeeper kill it Mandrake
59%
Node entity Has 4 related modifiers Rush
59%
Jumps through a window Revamped in Content Update Sally
59%
On a timer Electricity Surge
59%
Part of the void Step back if you see it Vacuum
59%
Blind Has 1 modifier Figure
55%
Teal hue Has a room in the Hotel and Mines Halt
55%
Find the levers Or this will come Haste
55%
Red Mist From the original Rooms game A-60
50%
Mimic of Figure Lights on, lights off Bramble
50%
Mimic of Seek Aspen tree Eyestalk
50%
1/2000 chance Added 1 day after initial release Shadow
50%
Nothing Happens You can die to him in Super Hard Mode Bob
45%
Hates lights Multiple at once Gloombats
45%
Weeping angel Look at all of the ________s Monument
45%
Super rare Chance increased with the 'Nothing?' candy Jack
36%
Barter Green Soda Louie
36%
No matching quizzes found
Score Distribution
Percent of People with Each Score
Percentile by Number Answered
Your Score History
You have not taken this quiz since the last reset